Word Ladder: Frozen Song Quiz Stats

Quiz Updated Mar 8, 2018

Challenge
Share
Tweet
Embed
Score 0/33 Timer 04:00
1 Play Today
Hint Word % Correct
DespiseHATE
90.4%
'To ___ and to hold'HAVE
90.2%
Fedoras and sombrerosHATS
89.5%
❅ Male singer of the Frozen songHANS
89%
Mom's sisterAUNT
84.3%
Cooking vesselsPANS
83.4%
Bambi and his mom e.g.DEER
78%
❅ Female singer of the Frozen songANNA
77.9%
____ of Green GablesANNE
76%
'The devil __ __ the details'IS IN
74.1%
❅ First word of a Frozen songLOVE
72.7%
Wash or batheLAVE
71.2%
October's birthstoneOPAL
68.7%
A person of actionDOER
66.3%
What floats in the air after a demolitionDUST
65.3%
Neighbor of Hung. and Slov.AUST.
63.8%
Egyptian goddessISIS
63.5%
Hint Word % Correct
Old French unit of measureAUNE
63.4%
Bug repellentDEET
63.2%
❅ Next two words of the Frozen songIS AN
63.2%
❅ Fourth word of the Frozen songOPEN
60.3%
Land where they speak FarsiIRAN
60.2%
❅ The Frozen song is an example of thisDUET
59.1%
____-retentiveANAL
57.3%
German carmakerOPEL
54.8%
❅ Last word of the Frozen songDOOR
53.5%
Said out loudORAL
52.8%
Country, in SpanishPAÍS
50.8%
Shrinking Central Asian seaARAL
45.6%
Letters preceding omegasPSIS
44.9%
Atoll in French PolynesiaANAA
40.3%
Port in AlgeriaORAN
37.6%
____ Ishii (Kill Bill character)O-REN
36.2%

Today's Daily Dose

You're not logged in!

Compare scores with friends on all Sporcle quizzes.
Join for Free
OR
Log In

You Might Also Like...

Show Comments

Extras

Top Quizzes Today


Score Distribution

Your Account Isn't Verified!

In order to create a playlist on Sporcle, you need to verify the email address you used during registration. Go to your Sporcle Settings to finish the process.

Report this User

Report this user for behavior that violates our Community Guidelines.

Details: